Вербалізація невербальних засобів спілкування в художньому тексті (на прикладі роману "Twilight" Стефані Мейер) (Запис № 284222)

МАРК-запис
000 -LEADER
fixed length control field 01550nam a22001577a 4500
041 ## - LANGUAGE CODE
Language code of text/sound track or separate title ukr
080 ## - UNIVERSAL DECIMAL CLASSIFICATION NUMBER
Universal Decimal Classification number 09
090 ## - LOCALLY ASSIGNED LC-TYPE CALL NUMBER (OCLC); LOCAL CALL NUMBER (OCLC)
Local cutter number (OCLC) ; Book number/undivided call number, CALL (RLIN) ЛЕВ
100 ## - MAIN ENTRY--PERSONAL NAME
Personal name Левченко В.В.
245 ## - TITLE STATEMENT
Title Вербалізація невербальних засобів спілкування в художньому тексті (на прикладі роману "Twilight" Стефані Мейер)
260 ## - PUBLICATION, DISTRIBUTION, ETC. (IMPRINT)
Place of publication, distribution, etc Острог
Name of publisher, distributor, etc КАФ
Date of publication, distribution, etc 2010
300 ## - PHYSICAL DESCRIPTION
Extent 64
520 ## - SUMMARY, ETC.
Summary, etc ВСТУП<br/>РОЗДІЛ 1 НЕВЕРБАЛЬНІ ЗАСОБИ СПІЛКУВАННЯ ЯК ОБЄКТ МОВОЗНАВЧИХ СТУДІЙ<br/>1.1 Невербальне спілкування і його роль в міжкультурній комунікації.<br/>1.2 Система невербальних засобів комунікації.<br/>РОЗДІЛ 2 КУЛЬТУРА НЕВЕРБАЛЬНОГО СПІЛКУВАННЯ<br/>2.1 Жести та їх когнітивне значення.<br/>2.2 культура спілкування та невербальна поведінка людини.<br/>РОЗДІЛ 3 ВЕРБАЛІЗАЦІЯ НЕВЕРБАЛЬНИХ ЗАСОБІВ СПІЛКУВАННЯ НА ПРИКЛАДІ РОМАНУ "TWILIGHT" СТЕФАНІ МЕЙЕР<br/>3.1 Паравербальні засоби спілкування та міміка у романі Стефані Мейер "Twilight".<br/>3.2 Кінесика у романі Стефані Мейер
-- вербалізація, невербальне спілкування,
650 ## - SUBJECT ADDED ENTRY--TOPICAL TERM
Topical term or geographic name as entry element Research Papers
942 ## - ADDED ENTRY ELEMENTS (KOHA)
Koha item type Книги
Фонди
Withdrawn status Lost status Source of classification or shelving scheme Damaged status Not for loan Home library Current library Date acquired Source of acquisition Cost, normal purchase price Total Checkouts Full call number Barcode Date last seen Price effective from Koha item type
    Universal Decimal Classification     ВІЛ - Відділ іноземн. літератури НБ ВІЛ - Відділ іноземн. літератури НБ 16/04/2009 Акт №1 1.00   09 213894 20/12/2021 16/04/2009 Книги